[Event "Interpolis-02"]
[Site "Tilburg"]
[Date "1978.09.09"]
[Round "7"]
[White "Ljubojevic, Ljubomir"]
[Black "Spassky, Boris Vasilievich"]
[Result "0-1"]
[WhiteElo "2605"]
[BlackElo "2630"]
[Annotator "Ftacnik,L"]
[PlyCount "86"]
[EventDate "1978.09.01"]
[EventType "tourn"]
[EventRounds "11"]
[EventCountry "NED"]
[EventCategory "14"]
[SourceTitle "MCL"]
[Source "ChessBase"]
[SourceDate "1999.07.01"]
[SourceVersion "1"]
[SourceVersionDate "1999.07.01"]
[SourceQuality "1"]

1. e4 e5 2. Nf3 Nc6 3. Bb5 a6 4. Bxc6 dxc6 (4... bxc6) 5. O-O Bg4 (5... Qd6) (
5... Ne7 $6 6. d4 exd4 7. Nxd4 g6 (7... Ng6) (7... c5) 8. Nb3 $14 {Hort-Nunn,
Hasting 1978}) (5... f6 6. d4 Bg4 7. dxe5 Qxd1 8. Rxd1 fxe5 9. Rd3 Bd6 10. Nbd2
Nf6 11. Nc4 Nxe4 12. Ncxe5 Bxf3 13. Nxf3 O-O 14. Be3 b5 $1 $10 {
Fischer-Spassky, Reykjavik (wch/16) 1972}) (5... Ne7 $6 6. d4 exd4 7. Nxd4 g6 (
7... Ng6) (7... c5) 8. Nb3 $1 $16 {Hort-Nunn, Hastings 1978}) 6. h3 h5 7. d3
Qf6 8. Be3 (8. Nbd2 Ne7 9. Nc4 Bxf3 10. Qxf3 Qxf3 11. gxf3 Ng6 12. Be3 Be7 $10
{Hort-Spassky, m (6) Reykjavik 1977}) 8... Bxf3 (8... Ne7 9. Nbd2 $14) 9. Qxf3
Qxf3 10. gxf3 Bd6 11. Kh1 f6 12. Nd2 Ne7 13. Rg1 Kf7 14. Nc4 Ng6 15. Rg3 Nh4 {
(/\ 17...g5)} 16. f4 exf4 17. Nxd6+ cxd6 18. Bxf4 d5 $1 $10 19. Bd2 Rae8 20. f3
g5 21. Rf1 Ng6 22. Kg1 Nf4 23. Bxf4 $6 (23. Kf2 h4 24. Rg4 Nxh3+ 25. Kg2 Nf4+
26. Bxf4 $10) 23... gxf4 24. Rg2 Rhg8 25. Rxg8 $2 (25. Rff2 Rg3 $15) (25. h4
Rxg2+ 26. Kxg2 Rg8+ 27. Kf2 Rg3 28. Rg1 $1 $10 {e.g} Rh3 $4 29. Kg2 Rxh4) 25...
Rxg8+ 26. Kf2 dxe4 (26... Rg3 27. exd5 cxd5 28. h4 Rh3 29. Kg2 Rxh4 $4 $19 (
29... Rg3+)) (26... h4 27. exd5 cxd5 28. d4 Rg3 29. Rh1 Ke7 30. Rh2 Kd6 31. Rh1
Kc6 32. c3 Kb5 33. b3 f5 34. Rh2 Rg7 35. Rh1 Re7 36. Re1 Rc7 37. Rc1) 27. dxe4
$2 (27. fxe4 Rg3 (27... Ke6 28. Rg1 Rxg1 29. Kxg1 Ke5 30. Kf2 c5 31. c3 c4 32.
d4+ $1) 28. Ke2 (28. h4 $2 Rh3) 28... Re3+ (28... Rxh3 29. Rxf4 Rh2+ 30. Rf2
$10 Rxf2+ 31. Kxf2 f5 32. e5 Ke6 33. d4 f4 34. Kf3 Kf5 35. c3 h4 36. Kg2 a5 37.
a3 a4 38. Kg1) 29. Kd2 Rxh3 30. Rxf4 Rh2+ 31. Kc3 Kg6 32. d4 Kg5 (32... h4 33.
d5) (32... Rg2 33. Kd3) 33. Rf5+) 27... h4 28. Rd1 Ke6 29. b4 Rg3 30. Rh1 b5
31. c3 Kd6 32. a3 Ke6 33. Rh2 Kd7 34. Rh1 Kc7 35. Rg1 a5 36. Rh1 a4 37. Rg1 Kd6
38. Rxg3 hxg3+ 39. Kf1 Ke5 40. Kg2 f5 41. exf5 Kxf5 42. Kf1 Ke5 43. Kg2 Kd5 0-1

[Event "Candidates final"]
[Site "El Escorial"]
[Date "1993.??.??"]
[Round "7"]
[White "Timman, Jan H"]
[Black "Short, Nigel D"]
[Result "1-0"]
[WhiteElo "2635"]
[BlackElo "2655"]
[Annotator "Ftacnik,L"]
[PlyCount "63"]
[EventDate "1993.01.??"]
[EventType "match"]
[EventRounds "13"]
[EventCountry "ESP"]
[SourceTitle "Candidates"]
[Source "ChessBase"]
[SourceDate "1999.07.01"]
[SourceVersion "2"]
[SourceVersionDate "1999.07.01"]
[SourceQuality "1"]

1. e4 e5 2. Nf3 Nc6 3. Bb5 a6 4. Bxc6 dxc6 5. O-O Qd6 6. Na3 Be6 (6... b5 7. c4
Bg4 (7... Nf6 8. Qe2 Bg4 9. Rd1 Be7 10. d3 Qe6 11. b3 Nh5 12. Nc2 $13 {Hort,
V-Spassky,B/Reykjavik cm/1977/}) 8. h3 Bxf3 9. Qxf3 Nf6 10. b3 $2 (10. d3 $10)
10... O-O-O $1 11. Re1 Qd3 $15 {Pinter,J-Portisch,L/Budapest/1975/}) 7. Qe2 (7.
Ng5 Bd7 $1 8. Nc4 Qg6 9. d3 f6 10. Nf3 O-O-O 11. a4 h5 12. Be3 h4 13. Ne1 Be6
14. b3 Bb4 15. Qe2 Nh6 16. Bd2 Be7 17. b4 Bxc4 18. dxc4 Rd4 $17 {
Chmelnitsky-Romanishin/Kherson/1989/}) 7... f6 8. Rd1 g5 $6 (8... O-O-O 9. d4
Bg4 10. d5 cxd5 11. Rxd5 Qc6 12. Rxd8+ Kxd8 13. b3 Kc8 $10 {Dobosz-Smejkal,J/
Trencianske Teplice/1979/}) 9. d4 g4 10. Ne1 O-O-O (10... exd4 11. c3 c5 12.
Nec2) 11. Be3 h5 $6 (11... Qe7 $1) 12. d5 $1 cxd5 13. exd5 Bf7 14. c4 Qd7 15.
d6 $1 (15. Rac1 Ne7 (15... Qa4 16. Nb1 $1) 16. Nd3 Nf5 17. d6 (17. c5 Bxd5 18.
c6 Bxc6 19. Nxe5 Qxd1+ 20. Rxd1 Rxd1+ 21. Qxd1 Nxe3 22. Qc1 fxe5 23. Qxe3 Bh6
$1) 17... Nxe3 (17... cxd6 18. c5 Nxe3 19. c6 bxc6 20. Nb4 $16) (17... Qxd6 18.
c5 Qc6 19. Nxe5 fxe5 20. Rxd8+ Kxd8 21. Bg5+ Ne7 22. Qxe5 Rh7) 18. Qxe3 Kb8 19.
Nc5 Qc6 20. Nb5 axb5 21. cxb5 Qb6 (21... Bh6 22. Qc3) 22. dxc7+ Qxc7 23. b6 $3)
15... Qc6 $2 (15... cxd6 16. Bb6 (16. Nd3 $5 {/\ 17.Ra1-c1}) 16... Re8 (16...
Ne7 17. Bxd8) 17. c5 d5 18. c6 $1 (18. Nd3 Ne7 19. Nb4 Nc6 20. Nxc6 Qxc6 (20...
bxc6 21. Nc4 $1) 21. b4 $40) (18. Nc4 $2 Qb5) 18... Qe6 (18... bxc6 19. Qxa6+
Qb7 20. Qa5 Kd7 21. Nc4 Ra8 22. Qc3 $13) 19. Rac1 Ne7 20. cxb7+ Kxb7 21. Bc5
Nc6 22. b4 $40) 16. c5 (16. Nb5 axb5 (16... Qxc4 17. Na7+ Kb8 18. Rac1 Rxd6 19.
Rxd6) 17. cxb5 Qc4 (17... Bc4 18. dxc7 Qxc7) 18. dxc7 Rxd1 19. Qxd1 Qd5 (19...
Be7 20. Bb6) 20. Qa4 $40) 16... Nh6 (16... cxd6 17. cxd6 Kb8 18. Rac1 Qa4 19.
Bb6 Rd7 20. Bc7+ Ka8 21. Nd3 $16) 17. b4 Qa4 (17... Nf5 18. b5 axb5 19. Nxb5
$40) 18. Nc4 $1 Rd7 (18... Bxc4 19. Qxc4 Bg7 (19... Nf5 $2 20. Qe6+ Qd7 21.
dxc7 $18) 20. Bxh6 Bxh6 (20... Rxh6 $2 21. Qe6+ Qd7 22. dxc7 $18) 21. Qe6+ Qd7
22. Qxf6 Rdf8 23. Qg6 $16) (18... Qxb4 19. Rdc1 $1 (19. dxc7 Kxc7 $1 $13 (19...
Rxd1 20. Qxd1 Kxc7 21. Rb1 Qxc4 22. Rxb7+ Kxb7 23. Qd7+ Ka8 24. c6 $18))) 19.
Na5 (19. c6 $5 Qxc6 20. Nb6+ cxb6 21. Rac1 $16) 19... c6 (19... Qxb4 20. c6
Qxa5 (20... Rxd6 21. cxb7+ Kb8 22. Rdb1 Qxa5 23. Ba7+) 21. cxd7+ Kxd7 22. dxc7+
Kxc7 23. Qd3 Kb8 24. Rab1 $18) (19... cxd6 20. c6) 20. Nd3 Nf5 (20... e4 21.
Nb2 Qxb4 22. Nbc4 $16) 21. a3 Kb8 22. Nb2 Qb5 23. Qe1 Nxe3 24. fxe3 Bh6 25. Kh1
(25. a4 Bxe3+ 26. Kh1 Bf2 $1 27. axb5 Bxe1 28. bxc6 $18) 25... h4 26. a4 Qxa5
27. bxa5 g3 28. h3 Bg5 29. Nd3 Ka8 30. Rab1 Re8 31. Rb6 Bd5 32. e4 1-0

[Event "Candidates final"]
[Site "El Escorial"]
[Date "1993.??.??"]
[Round "9"]
[White "Timman, Jan H"]
[Black "Short, Nigel D"]
[Result "0-1"]
[WhiteElo "2635"]
[BlackElo "2655"]
[Annotator "Ftacnik,L"]
[PlyCount "78"]
[EventDate "1993.01.??"]
[EventType "match"]
[EventRounds "13"]
[EventCountry "ESP"]
[SourceTitle "Candidates"]
[Source "ChessBase"]
[SourceDate "1999.07.01"]
[SourceVersion "2"]
[SourceVersionDate "1999.07.01"]
[SourceQuality "1"]

1. e4 e5 2. Nf3 Nc6 3. Bb5 a6 4. Bxc6 dxc6 5. O-O Ne7 6. Nxe5 Qd4 7. Qh5 (7.
Nf3 Qxe4 8. Nc3 Qg6 9. Ne5 Qf5 10. Re1 h5 11. d4 Be6 12. Ne4 O-O-O $13 {
Rozentalis-Piket,Je/Groningen/1992/}) 7... g6 8. Qg5 (8. Nf3 Qxe4 9. Qa5 Qf4 (
9... b6 10. Qc3 Rg8 11. Re1 Qd5 12. Ng5 {Gurevich,M-Bronstein,D/Hastings op/
1991/}) 10. d3 Qd6 11. Nbd2 Nd5 12. Ne4 $1 Qb4 13. Qxb4 Nxb4 (13... Bxb4 14. c4
$1) 14. Bd2 $1 Be7 15. a3 Nd5 16. c4 $14 {Timman,J-Nikolic,Pr/Bruxelles/1988/})
8... Bg7 (8... Qxe4 $2 9. Qf6 $18) 9. Nd3 (9. Nf3 Qxe4 10. Re1 Qb4 11. c3 Qd6
12. d4 h6 $13) 9... f5 $1 (9... Qxe4 10. Re1 h6 $8 11. Qg3 Qg4 12. Qxc7 $18) (
9... Be6 10. Nc5) 10. e5 c5 (10... Bxe5 $2 11. Nxe5 Qxe5 12. d4 $1 Qxd4 13. Re1
Qg7 14. Bd2 h6 15. Qg3 O-O 16. Bc3 $18) 11. b3 $1 h6 (11... Qxa1 12. Nc3 $16)
12. Qg3 (12. Qe3 f4 $1 13. Qxd4 (13. Qe2 Bf5 $1) 13... cxd4 14. Bb2 Bf5 15.
Nxf4 Bxe5 16. Ne2 O-O-O 17. d3 Rhe8 $1 18. Re1 Nd5 19. a3 Nf4 20. Nd2 Nxe2+ 21.
Rxe2 Bxh2+ $17) 12... f4 13. Qf3 (13. Qxf4 Qxf4 (13... Qxa1 14. Nc3 Bf5 15. Bb2
) 14. Nxf4 Bxe5 15. Nd5 $8 Bxa1 16. Nxc7+ Kd7 17. Nxa8 Kc6 18. c3 Bf5 19. Na3
b5 $17) 13... Bf5 $1 (13... Qxa1 14. Nc3 Bd7 15. Qxb7 O-O 16. Bb2 Qxf1+ 17.
Kxf1 Rfd8 18. Qxc7 Rac8 19. Qb6 Nf5 20. Qxa6 $14 {Frenkel-Sternberg/Yurmala/
1975/}) 14. Qxb7 (14. Bb2 Qd5 15. Nxf4 Qxf3 16. gxf3 O-O 17. d3 Nc6 18. Nd2
Nxe5 $13 {Vladimirov-Ivanov/Sochi/1975/}) 14... Be4 15. Qxc7 Bxd3 16. cxd3 Bxe5
(16... Qxa1 17. Nc3 Rc8 18. Qb7 (18. Qd6 Rc6) 18... Bxe5 19. Ba3 (19. Nd5 Rh7
20. Nxe7 Rc7) 19... Bxc3 $1 20. Rxa1 Bxa1 $19) 17. Qb7 Rb8 (17... Qxa1 18.
Qxa8+ Kf7 19. Qe4 $5 Qd4 20. Na3) 18. Qxa6 f3 $1 (18... Qxa1 19. Qe6 $1 Qxb1 (
19... Rf8 20. Re1 Rf5 21. Na3 $1) 20. Qxe5 Kd7 21. Qxc5 $1 (21. Re1 Nc6) 21...
Rhc8 22. Qd4+ Ke8 23. Ba3 Qxa2 24. Qh8+ Kd7 25. Qd4+ Ke8 26. Qh8+ $10 (26. Bd6
Qxb3 27. Re1 Qe6)) 19. Nc3 (19. gxf3 Qf4 $19) (19. Qe6 $2 Rb6 $1 20. Qxb6 Qg4
$19) 19... fxg2 (19... Qg4 20. Qa4+) (19... Bxh2+ 20. Kxh2 Qh4+ 21. Kg1 fxg2 (
21... Qg5 $2 22. g3 Qh5 23. Qa4+ Kf7 24. Qh4) 22. Qa4+ (22. Kxg2 Qg4+ $10)
22... Qxa4 23. Nxa4 gxf1=Q+ 24. Kxf1 $13) 20. Re1 O-O 21. Qe6+ (21. Qc4+ Rf7)
21... Rf7 22. Nd1 (22. Re2 Bc7 $1 23. Qe4 Nf5 (23... Qd6 $1 24. Qxg2 Nf5) 24.
Bb2 $13) 22... Qxa1 23. Qxe5 Qxe5 (23... Qxc1 $2 24. Qxb8+) 24. Rxe5 Nc6 25.
Rxc5 (25. Re6 Nd4 26. Rxg6+ Kh7 $19) 25... Nb4 26. Ba3 $2 (26. Bb2 Nxd3 (26...
Nxa2 27. Ne3 Rxb3 28. Be5 $1) 27. Rd5 Nf4 28. Be5 $13) (26. d4 $1 Nxa2 27. Bb2
Rxb3 28. Rc8+ Kh7 29. d5) 26... Nxd3 27. Rc6 (27. Rd5 $1 Nf4 28. Bd6 Rd8 29.
Bxf4) 27... Ra8 (27... Re8 $1 28. Ne3 Kh7 $1 29. Bd6 (29. Rd6 Nxf2 $5) 29...
Rxf2 30. Rc7+ Kh8 31. Bg3 Rxd2 $19) 28. Rd6 (28. Rxg6+ Kh7 (28... Rg7 29. Rxg7+
Kxg7 30. Bb2+ Nxb2 31. Nxb2 Rxa2 32. Nc4) 29. Rg3 (29. Rd6 Nf4 30. Bb2 Rg8 $19)
29... Nf4 30. Bd6 Ne2+ 31. Kxg2 Nxg3 32. hxg3 {=/=/+}) 28... Rxa3 29. Rxd3 Rxa2
30. Ne3 (30. Nc3 $17) 30... Kg7 (30... Ra5 $1) 31. Kxg2 (31. Nc4 $5) 31... Ra5
32. Rd4 Rb5 33. b4 Rbb7 34. Rc4 Rfc7 35. Rg4 (35. Rc5 Rxc5 36. bxc5 Rd7 $19)
35... Rd7 36. h4 h5 37. Rg5 Rxb4 38. d4 Rf7 (38... Rbxd4 39. Nf5+) 39. Rd5 Rb2
0-1

[Event "ITA-chT 34th 3pl"]
[Site "Treviso"]
[Date "2002.05.19"]
[Round "1"]
[White "Glek, Igor Vladimirovich"]
[Black "Tkachiev, Vladislav"]
[Result "1/2-1/2"]
[WhiteElo "2590"]
[BlackElo "2633"]
[Annotator "Glek,I"]
[PlyCount "87"]
[EventDate "2002.05.19"]
[EventType "team"]
[EventRounds "1"]
[EventCountry "ITA"]
[SourceTitle "EXT 2004"]
[Source "ChessBase"]
[SourceDate "2003.11.25"]
[SourceVersion "1"]
[SourceVersionDate "2003.11.25"]
[SourceQuality "1"]
[WhiteTeam "Palermo"]
[BlackTeam "Reggio Emilia"]
[WhiteTeamCountry "ITA"]
[BlackTeamCountry "ITA"]

1. e4 e5 2. Nf3 Nc6 3. Bb5 a6 4. Bxc6 dxc6 5. O-O Bg4 6. h3 h5 7. d3 Qf6 8.
Nbd2 Ne7 9. Nc4 Bxf3 10. Qxf3 Qxf3 11. gxf3 Ng6 12. Be3 f6 13. Rfd1 Bd6 $6 14.
Kf1 c5 $6 15. c3 Rd8 $5 $146 16. a3 (16. Nxd6+ cxd6 17. d4 cxd4 18. cxd4 Rc8
19. Rac1 Kd7 20. Ke2 Nf4+) 16... Kf7 17. b4 cxb4 18. axb4 (18. cxb4 $5 $14)
18... c6 $6 (18... Rd7 $14) 19. Bb6 Rd7 20. d4 Bc7 (20... Ke6 $2 21. Nxd6 (21.
d5+ cxd5 22. exd5+ Kf5 23. Bc5 $16) 21... Rxd6 22. dxe5 $18) 21. dxe5 Rhd8 22.
Rxd7+ Rxd7 23. Bxc7 Rxc7 24. exf6 Kxf6 25. Ra5 Rd7 $2 (25... b5 26. Ne3 Ra7 27.
Ng2 $16) 26. Rf5+ $1 Ke6 27. Rg5 Nf8 (27... Nf4 $2 28. Re5+ Kf7 29. Rf5+ $18)
28. Ke2 (28. Rxh5 Rd3 29. Na5 $18) (28. f4 Rd1+ 29. Ke2 Rc1 30. Rxg7 Rxc3 31.
Ne3 $18) 28... g6 29. f4 Kf6 30. e5+ Ke6 31. Nd6 (31. f5+ $1 gxf5 32. f4 $18)
31... b6 32. Ke3 (32. Nc4 b5 33. Nd6 $18) 32... a5 33. bxa5 (33. Ke4 a4 34. f5+
gxf5+ 35. Rxf5 Nh7 36. b5 a3 (36... cxb5 37. Nxb5 h4 38. f4 $18) 37. bxc6 $18)
33... bxa5 34. Ke4 $2 (34. f5+ Kxe5 35. fxg6+ Kf6 36. g7 Rxg7 37. Ne4+ Kf7 38.
Rxh5 $16) 34... a4 35. f5+ gxf5+ 36. Rxf5 Nh7 37. Nc4 (37. Rxh5 Nf6+ 38. exf6
Rxd6 39. Ra5 Rd2 40. Rxa4 Rxf2 41. Rc4 Kd6 42. Rd4+ Ke6) 37... Rd5 38. Na3 (38.
f4 Rc5) 38... Rc5 $2 (38... Rd3 $1 39. Rxh5 Rxh3 40. Rxh3 Ng5+ 41. Kd4 Nxh3 42.
f3 Kf5 $11) 39. c4 h4 40. Kf4 (40. f3 $1 Ra5 41. Nc2 Rc5 42. Nd4+ Ke7 43. Rh5 (
43. Kd3 a3 44. Kc3 a2 45. Kb2 Rxc4 46. Rf4 Ke8 47. Kxa2 c5 48. Rxh4 cxd4 49.
Rxh7 d3 50. e6 Rf4 51. Kb3 Rxf3 52. Kc3 Rf6 $14) 43... Nf8 44. Rh6 (44. Rxh4
Rxe5+) 44... Rxc4 45. Kd3 Rc1 46. Nxc6+ Ke8 47. Nd4 a3 48. Ra6 Nd7 49. Kd2 Rh1
50. e6 Nc5 51. Ra8+ Ke7 52. Ra7+ Ke8 53. e7 a2 54. Nf5 Nb3+ 55. Ke3 Re1+ 56.
Kf4 Rxe7 57. Rxe7+ Kf8 58. Ra7 a1=Q 59. Rxa1 Nxa1 60. Nxh4 $18) 40... Ra5 41.
Nc2 (41. Ke4) (41. f3) (41. Rh5 $5 Nf6 42. Rg5 Nd7 43. Rg6+ Kf7 (43... Ke7 44.
Rxc6 Nxe5 45. Rh6 Kf7 46. Rb6 Nd3+ 47. Ke3 Ne1 48. Ke4 $16) 44. Rxc6 (44. e6+
Kxg6 45. exd7 Ra8 46. Ke5 Kf7 47. Kd6 c5 48. Nb5 a3 49. Nxa3 Ra6+ 50. Kc7 Ra7+
51. Kd6 Ra6+ $11) 44... Nxe5 45. Rc7+ Ke6 46. Ke4) 41... Rc5 42. Na3 Ra5 43.
Ke4 Rc5 44. Kf4 (44. f4 $5 Rd5 45. Nb5 $5 (45. Nc2 Rd2 46. Ne3 a3 47. Rh5 Nf8
48. f5+ Kf7 49. Rg5 a2 50. Rg1 Nh7 51. e6+ Ke8 52. Ra1 Ng5+ 53. Kf4 Nxh3+ 54.
Kg4 Nf2+ 55. Kxh4 Ke7) 45... Rd1 (45... Rd2 $6 46. Nc7+ (46. Rh5 Nf6+ 47. exf6
cxb5) 46... Ke7 47. Rh5 Nf8 48. Rxh4 (48. Rg5 a3 49. Rg7+ Kd8 50. Rf7 Nd7 51.
Ne6+ Ke8 52. Rg7 a2 53. Rg1 Rc2) (48. Rh6 $5 a3 49. Rxc6 Kd7 50. Ra6 Kxc7 51.
Rxa3) 48... a3 49. Rg4 a2 50. Rg1 Rd7 51. Ra1 Rxc7 52. Rxa2) 46. Nc7+ Ke7 47.
Na6 Rc1 48. Rh5 (48. Kd4 Nf8) 48... Nf8 49. Kd3 Ng6 50. Rh7+ Kf8 51. e6 a3 52.
Rf7+ Kg8 53. Nb4 Re1 $11) (44. f3 $1 $14) 1/2-1/2

[Event "ISR-chT"]
[Site "Israel"]
[Date "1999.01.29"]
[Round "4"]
[White "Kagan, Shimon"]
[Black "Golod, Vitali"]
[Result "0-1"]
[WhiteElo "2380"]
[BlackElo "2554"]
[Annotator "Golod,V"]
[PlyCount "84"]
[EventDate "1999.01.??"]
[EventType "team"]
[EventRounds "11"]
[EventCountry "ISR"]
[SourceTitle "CBM 070"]
[Source "ChessBase"]
[SourceDate "1999.06.08"]
[SourceVersion "1"]
[SourceVersionDate "1999.06.08"]
[SourceQuality "1"]

1. e4 e5 2. Nf3 Nc6 3. Bb5 a6 4. Bxc6 dxc6 5. O-O Qd6 6. d4 exd4 7. Qxd4 (7.
Nxd4 $5 {Is the main line.}) 7... Bg4 $5 ({Another line is:} 7... Qxd4 8. Nxd4
Bd7 9. Be3 O-O-O 10. Nc3 (10. Nd2 $143 Ne7 11. N2f3 f6 12. h3 c5 13. Ne2 Nc6
14. Rad1 Re8 15. Nc3 Bd6 {0-1 Kagan,S-Keres,P/Petropolis 1973/IZT (39) =/=/+})
10... Ne7 11. Rad1 c5 12. Nf3 b6 13. Ng5 Be8 14. Rxd8+ Kxd8 15. Bf4 Ng6 16.
Rd1+ Kc8 17. Bg3 Be7 $11 {1/2-1/2 Kagan,S-Pachman,L/Netanya 1975/EXT 99 (56)})
8. Qe5+ $5 ({Also possibly:} 8. Nbd2 $5 Qxd4 9. Nxd4 O-O-O 10. N4f3 Nf6 (10...
f6 $5 {[%csl Yf6]}) 11. Re1 Bb4 $6 (11... h6 $5) 12. c3 Bc5 13. h3 Bh5 14. Nb3
Bb6 15. Nfd4 Rhe8 16. Bg5 Bg6 $2 (16... h6 $5) 17. e5 $16 {1-0 Kagan,S-Lev,R/
Tel Aviv 1999 (48)}) 8... Qxe5 ({Slight better is:} 8... Ne7 $5 9. Nbd2 (9. Qg3
$143 Qxg3 10. hxg3 O-O-O 11. Be3 f6 12. Nc3 {1/2-1/2 Prohaszka,P-Kirjak,R/
Budapest 1994/EXT 99 (12)}) (9. Bf4 O-O-O $2 (9... Bxf3 $5) 10. Qg5 Qe6 $2 (
10... Qg6 $142) 11. Qa5 Rd7 12. Ne5 $16 {1/2-1/2 Ritvin,S-Kapstan,A/
Philadelphia 1995/EXT 97 (46)}) 9... O-O-O 10. Qxd6 cxd6 11. Ng5 Bh5 $5 $13 {
[%cal Gh7h6]} (11... Be6 12. f4 h6 13. Nxe6 fxe6 $11)) 9. Nxe5 Be6 10. Be3 $5 {
Besides,white has several alternatives:} (10. b3 $5 O-O-O (10... a5 $6 11. a4
$14) 11. Bb2 Nf6 $1 $11 {[%csl Re4]}) (10. Rd1 $6 Bd6 {/\0-0-0}) (10. f4 $6 f6
$140 11. f5 $2 fxe5 12. fxe6 Bc5+ 13. Kh1 Nf6 14. Nc3 Ke7 $17 {[%csl Re6]})
10... O-O-O 11. Nd2 $5 $146 (11. Nd3 $5 {-was checked in the previous game.}
Nf6 (11... f6 $5) 12. f3 Bc4 13. Rd1 Nd7 $6 (13... h6 $5) 14. Nc3 Be7 15. Bd4
$14 {1-0 Schwab,R-Brandner,S/Finkenstein 1990/EXT 97 (33)}) 11... f6 12. Nd3 c5
$1 {[%csl Rd2,Rd3][%cal Gc5c4]} ({Worse:} 12... b6 {because of:} 13. b4 $1 $14
{[%cal Yb4c5]}) 13. b3 ({Dubious:} 13. Bxc5 $6 {in view of:} Bxc5 (13... Rxd3
$2 14. Bxf8 Rd7 (14... Rxd2 $2 15. Bxg7 Rd7 16. Bxh8 h6 17. e5 $18) 15. Bb4 $16
(15. Rfd1 $143 Nh6 16. Bb4 Rhd8 17. f3 $14)) 14. Nxc5 $140 Bxa2 $8 (14... Rxd2
$2 15. Nxe6 $16) 15. Rxa2 (15. Rfd1 $142 Bf7 16. b4 {[%cal Gb4b5]} c6 $11)
15... Rxd2 16. b4 c6 (16... Ne7 $2 17. b5 $1) 17. Nd3 Ne7 18. Rfa1 Re2 $1 (
18... Rd8 $2 19. Kf1 $16 {[%csl Rd2][%cal Gf1e1]}) 19. f3 Rd2 {[%csl Rg2][%cal
Gd2g2] =/=/+}) 13... b6 14. f4 $5 {/\f5;e5} Ne7 15. f5 Bg8 $1 $13 16. Rae1 ({
Senseless:} 16. e5 {because of:} Nd5 $15) 16... Nc6 {/\Bd6(><e5)} 17. e5 $5
fxe5 $5 ({Good enough:} 17... Nxe5 $5 18. Nxe5 fxe5 19. Bg5 Be7 $1 (19... Re8
$143 20. f6 h6 21. Bh4 gxf6 22. Bxf6 Rh7 23. Rxe5 Rxe5 24. Bxe5 Be7 {+/=/=})
20. Bxe7 Rxd2 21. Rxe5 (21. c4 $144 Bf7 22. Rf2 Rxf2 23. Kxf2 Re8 24. Rxe5 Kd7
25. f6 gxf6 26. Bxf6 Rxe5 27. Bxe5 $11) (21. Rf2 $144 Rxf2 22. Kxf2 Bf7 23.
Rxe5 Re8 $11 {[%cal Gc8d7]}) 21... Bd5 22. Rf2 Rd1+ 23. Rf1 Rd2 $11) 18. Bg5
Be7 $1 ({After:} 18... Re8 19. f6 h6 20. Bh4 gxf6 21. Bxf6 Rh7 22. Nxe5 Nxe5
23. Rxe5 Rxe5 24. Bxe5 Be7 {white has a small advantage in the endgame.}) 19.
Bxe7 Nxe7 20. Re3 $1 ({Interestingly:} 20. Rxe5 Nc6 {[%csl Rc2,Rd2,Rd3][%cal
Gc6b4,Gc6d4]} 21. Re3 $142 Nb4 (21... Nd4 $5 22. c3 Nc2 23. Rg3 h5 $13 {
[%cal Gh5h4,Gh8h6,Gh6d6]}) 22. Nxb4 Rxd2 23. Rd3 $1 $11 (23. Re8+ Kb7 24. Nd3
Bd5 $1 $19)) 20... Nc6 21. Nf3 $1 {[%csl Re5]} Nd4 22. Nfxe5 $1 ({Worse is:} 
22. Nxd4 exd4 $140 23. Re7 c4 $5 (23... Rd7 24. Re8+ (24. Rfe1 $2 Bd5 $17)
24... Rd8 25. Re7 Rd7 $11) 24. Ne5 d3 25. cxd3 cxb3 26. Rc1 c5 27. axb3 Bxb3
28. Rb1 Rhe8 $1 $15) 22... Nxc2 23. Rg3 Bd5 $5 ({Can be recommended:} 23... g6
$5 24. fxg6 hxg6 25. Nxg6 Rh7 $13) ({Badly:} 23... Rf8 24. Rxg7 $140 Ne3 {
in view of:} 25. Rf3 Nxf5 26. g4 $1 Nxg7 27. Rxf8+ Kb7 28. Nf7 Ne6 29. Re8 Ng7
30. Rf8 Ne6 31. Nd8+ $1 (31. Re8 $2 $11) 31... Nxd8 32. Rxd8 $16) 24. Rxg7 $2 (
{Very strongly at first:} 24. Rf2 $1 Nd4 $140 (24... Nb4 $143 25. Nxb4 cxb4 26.
Rxg7 $14) 25. Rxg7 Be4 26. f6 (26. g4 $6 h5 $36) 26... Rhf8 $5 $13 (26... Bxd3
$6 27. Nxd3 $140 Nxb3 $6 28. Ne5 $1 {[%csl Rd8,Rh8][%cal Ge5f7]} (28. axb3 $2
Rxd3 $13) 28... Nc1 (28... Rhe8 $2 29. f7 $18) 29. Nf7 Rd1+ 30. Rf1 Rxf1+ 31.
Kxf1 Rf8 32. Rxh7 Nxa2 33. g4 Kd7 34. g5 Ke6 35. Nh6 $16)) 24... Be4 {[%csl
Rd3,Ge4,Rf5][%mdl 2048]} 25. Rg3 $2 {Gross mistake!} ({Loses:} 25. f6 $2 Bxd3
26. Nxd3 Rxd3 27. f7 Rdd8 $19) ({It is necessary:} 25. Nf4 $1 Ne3 $1 (25...
Bxf5 $4 26. Nf7 Rd7 (26... Rhg8 $2 27. Rxg8 Rxg8 28. Nh6 Rf8 29. Nd5 $18 {
[%csl Rf5]}) 27. Nh5 {[%csl Rf5,Rh8][%cal Yh5g7]} Rxf7 28. Rxf7 Bg6 29. Rf8+
Rxf8 30. Rxf8+ Kd7 31. Nf4 $16) 26. Re1 $1 (26. Ne6 $2 Nxf1 27. Rxc7+ Kb8 28.
Kxf1 Rhe8 $1 {[%csl Rc7][%cal Ge8e6]} (28... Bxf5 $4 29. Nc6+ Ka8 30. Ra7#) 29.
Nc6+ Bxc6 30. Rxc6 Rd1+ 31. Ke2 (31. Kf2 Rc8 $1 32. Rxc8+ (32. Rxb6+ $4 Ka7 $19
{[%csl Rb6]}) 32... Kxc8 $17) 31... Rd5 {[%csl Rf5]} 32. g4 Re7 {[%csl Rc6]
[%cal Gb8b7]} 33. f6 (33. Rxb6+ $2 Ka7 34. Rc6 Kb7 35. f6 Kxc6 36. fxe7 Re5+
$19) 33... Rf7 $17 (33... Re5+ 34. Kf3 R7xe6 35. f7 Re3+ $11)) 26... Nxf5 27.
Rf7 (27. Rxc7+ Kxc7 28. Ne6+ Kc8 29. Nxd8 Bxg2 $17) 27... Rhe8 $1 (27... Nd6 $6
28. Ne6 $1 Nxf7 29. Nxf7 Rd2 $1 30. Nxh8 (30. Rxe4 Rg8 $13 {[%csl Ra2,Rg2]})
30... Rxg2+ 31. Kf1 Bc6 $44) 28. Rxe4 Nd6 {[%csl Re4,Rf7]} 29. Re2 (29. Ra4
$143 Nxf7 (29... Rxe5 $143 30. Rxh7 a5 31. h4 $14) 30. Nxf7 Rd2 31. h4 Kb7 $13)
29... Nxf7 30. Nxf7 Rxe2 31. Nxe2 Rd2 $15) 25... Nd4 $17 {[%csl Rf5,Rg1,Rg3]
[%cal Gd4e2,Gd4f5]} 26. Nf4 ({In myopinion slightly better is:} 26. Rg4 Bxd3 (
26... Bxf5 $2 27. Rxd4 Rxd4 28. Rxf5 $14) 27. Nxd3 Rhf8 $1 $17 (27... Nxf5 $143
{[%csl Rd3,Rf1,Rg4][%cal Gf5e3]} 28. Rxf5 Rxd3 29. Rg7 Rd7 30. Rff7 Rxf7 31.
Rxf7 h5 $15) 28. f6 $140 Ne2+ 29. Kf2 Rxf6+ 30. Ke1 (30. Kxe2 $2 Re8+ $19 {
[%csl Rf1]}) 30... Rxf1+ 31. Kxf1 Nc3 $19) 26... Nxf5 27. Rh3 Nd6 $5 {(><f7);
with the idea:Rhg8;Rde8->} 28. Rh6 Rhg8 29. g3 (29. Rf6 $5 Rde8 30. Nf7 Nxf7
31. Rxf7 Rgf8 $17) 29... Rde8 30. Nf3 (30. Re6 Rxe6 31. Nxe6 Re8 32. Rf8 (32.
Rf6 $2 Bd5 $19) 32... Rxf8 33. Nxf8 Bb1 $17) (30. Nc4 Nxc4 31. bxc4 Rgf8 $17)
30... Nf5 $40 {[%csl Rf3][%cal Gf5g3]} 31. Rh3 (31. Rf6 $2 Ne3 (31... Nxg3 $2
32. hxg3 Rxg3+ 33. Ng2 {[%csl Rf3][%cal Yf6f3]} Reg8 34. Rf2 $11) 32. Rf2 Ng4
$19) 31... Bc6 $5 (31... Ne3 $143 32. Rf2 Ng4 33. Rf1 $17) 32. Nd2 $5 ({
Loses right away:} 32. Rxh7 $2 {because of:} Nxg3 33. hxg3 Rxg3+ 34. Kh2 Rxf3
35. Rxf3 Bxf3 $19) 32... Ne3 33. Rf2 ({After:} 33. Re1 Ng4 34. Rxe8+ (34. Rf1
Rd8 $19) 34... Rxe8 35. Rxh7 $2 {is refuted by:} Re1+ 36. Nf1 Bb5 $19 {[%csl
Rf1]}) 33... Ng4 34. Rf1 (34. Re2 $142 Rxe2 35. Nxe2 Re8 36. Kf1 {-/+/-+})
34... Rg7 35. Rh4 Ne5 $1 {[%csl Rd2,Rf3][%cal Gg7d7]} 36. Nh5 (36. Re1 $143 Rd7
37. Rh5 $8 (37. Re2 $2 Rxd2 38. Rxd2 Nf3+ $19) 37... Rxd2 38. Rexe5 Rxe5 39.
Rxe5 Rxa2 $19) 36... Rd7 37. Ne4 $8 (37. Rf2 $2 Rxd2 38. Rxd2 Nf3+) 37... Bxe4
({Also win:} 37... Ng6 38. Nhf6 (38. Nef6 Rd2 $1 $19 {[%csl Rg1]}) 38... Nxh4
39. Nxe8 Bxe4 40. gxh4 Rd2 $19) 38. Nf6 $8 (38. Rxe4 Nf3+ 39. Rxf3 Rxe4 40. Nf6
Re1+ 41. Kf2 Rde7 $17) 38... Bd3 $1 (38... Nf3+ $143 39. Rxf3 Bxf3 40. Nxe8 $17
) (38... Bg6 $2 39. Nxe8 Bxe8 40. Re4 Re7 41. Rfe1 Nf3+ 42. Kf2 Rxe4 43. Rxe4
Bc6 $15) 39. Nxe8 (39. Rf2 Ree7 40. Nxd7 Kxd7 $19) 39... Bxf1 40. Kxf1 Ng6 $1
$19 {[%csl Re8][%cal Gd7e7] Please pay your attention to the fantastik work of
the black knight.} (40... Re7 $2 41. Nf6 Rf7 42. Rf4 Nd7 43. Nd5 $17) 41. Re4 (
41. Nf6 Rf7 42. Rxh7 Rxf6+ $19) 41... Rf7+ 42. Ke2 Kd7 {[%csl Re8] /\43...Ne7
(פe8)} 0-1